000 00876nmm a2200277 a 4500
001 ocm000608135
003 TR-IsHL
005 20201028133831.0
008 131121s1997 tu tur
007 cr cn
020 _a9789755201450
035 _a608135
_b(N$T)
050 0 4 _aP106
_b.Ş45 1997
090 0 4 _aP106
_b.Ş45 1997
100 1 _aŞemseddin Sami
245 1 0 _aLisan
_h[electronic resource] /
_cŞemseddin Sami ; haz. İsmail Doğan
260 _aAnkara :
_bGündogan Yayınları,
_c1997
300 _a96 p.
650 4 _aDil ve Edebiyat
650 4 _aLanguage and Literature
650 0 _aDil
_x Araştırma
650 0 _aLanguage ​​
_x Research
650 7 _aLANGUAGE ARTS & DISCIPLINES / General
_2bisacsh
700 1 _aDoğan, İsmail
856 4 0 _uhttp://search.ebscohost.com/login.aspx?direct=true&scope=site&db=e011xww&AN=608135
999 _c5858
_d5858